Ekonomické aspekty kvality potravinárskeho tovaru záverečná správa k výskumnej úlohe č. 0124/97
Uložené v:
| Hlavný autor: | |
|---|---|
| Ďalší autori: | |
| Médium: | Kniha |
| Jazyk: | Slovak |
| Vydavateľské údaje: |
Bratislava
1998
|
| Predmet: | |
| Tagy: |
Žiadne tagy, Buďte prvý, kto otaguje tento záznam!
|
MARC
| LEADER | 00000nam a2200000 4500 | ||
|---|---|---|---|
| 001 | 0135995 | ||
| 005 | 20240503085831.2 | ||
| 041 | 0 | |a slo | |
| 044 | |a SK | ||
| 245 | 1 | 0 | |a Ekonomické aspekty kvality potravinárskeho tovaru |b záverečná správa k výskumnej úlohe č. 0124/97 |c zodpovedný riešiteľ Alica Lacková, spoluriešiteľ Marta Karkalíková |
| 264 | 1 | |a Bratislava |c 1998 | |
| 300 | |a 31 s. | ||
| 610 | 2 | 0 | |a kvalita tovaru |
| 610 | 2 | 0 | |a kvalita výrobkov |
| 610 | 2 | 0 | |a potraviny |
| 610 | 2 | 0 | |a spotreba potravín |
| 610 | 2 | 0 | |a ceny |
| 610 | 2 | 0 | |a výživa |
| 100 | 1 | |a Lacková, Alica | |
| 700 | 1 | |a Karkalíková, Marta | |